Tous les sites UNESCO de Belgique sur une carte - Statistiques

Statistiques générales
  • Ce quiz a été pris 91 fois
  • Le résultat moyen est 7 sur 16
Réponses sur la Carte
Les réponses sont colorées sur une échelle allant du rouge au vert en fonction du pourcentage des utilisateurs qui les ont devinées à leur premier essai. Vous pouvez retrouver ces pourcentages ci-dessous.
 
Statistiques - réponses
Réponse % Correct
La Grand-Place de Bruxelles
79%
Le centre historique de Bruges
69%
Beffrois de Belgique et de France
66%
Cathédrale Notre-Dame de Tournai
62%
Sites miniers majeurs de Wallonie
62%
Béguinages flamands
59%
Sites funéraires et mémoriels de la 1ère Guerre mondiale
46%
Habitations majeures de l'architecte Victor Horta
35%
Palais Stoclet
31%
Forêts primaires et anciennes de hêtres d’Europe
30%
Complexe Maison-Ateliers-Musée Plantin-Moretus
24%
Colonies de bienfaisance
23%
Les grandes villes d’eaux d’Europe
23%
Minières néolithiques de silex de Spiennes
23%
Les quatre ascenseurs du canal du Centre
21%
L’Œuvre architecturale de Le Corbusier
13%
Aucun quiz correspondant
Distribution des résultats
% des personnes avec chaque résultat
Percentile par nombre de réponses
Votre historique - résultats
Vous n’avez pas pris ce quiz